El debate sobre el desarme de la sociedad

Na minha lista:
Detalhes bibliográficos
Formato: Texto
Assuntos:
Tags: Adicionar Tag
Sem tags, seja o primeiro a adicionar uma tag!

MARC

LEADER 00000 a a2200000 04500
001 6771
003
040
245 |a El debate sobre el desarme de la sociedad  
650 |a ARMAS  
650 |a VIOLENCIA  
650 |a EL SALVADOR  
773 |g volumen 27, número 1205; páginas 10-12  
999 |c 37845  |d 37845